<?xml version="1.0" encoding="UTF-8"?>
<record
    xmlns:xsi="http://www.w3.org/2001/XMLSchema-instance"
    xsi:schemaLocation="http://www.loc.gov/MARC21/slim http://www.loc.gov/standards/marcxml/schema/MARC21slim.xsd"
    xmlns="http://www.loc.gov/MARC21/slim">

  <leader>01007cam a2200277 a 4500</leader>
  <controlfield tag="001">15116019</controlfield>
  <controlfield tag="005">20241122111134.0</controlfield>
  <controlfield tag="008">071217s2009    maua     b    001 0 eng  </controlfield>
  <datafield tag="020" ind1=" " ind2=" ">
    <subfield code="a">9780073405018 (alk. paper)</subfield>
  </datafield>
  <datafield tag="020" ind1=" " ind2=" ">
    <subfield code="a">0073405019 (alk. paper)</subfield>
  </datafield>
  <datafield tag="050" ind1="0" ind2="0">
    <subfield code="a">HD58.7</subfield>
    <subfield code="b">.D415 2009</subfield>
  </datafield>
  <datafield tag="082" ind1="0" ind2="0">
    <subfield code="a">158.7</subfield>
    <subfield code="2">22</subfield>
  </datafield>
  <datafield tag="100" ind1="1" ind2=" ">
    <subfield code="a">De Janasz, Suzanne C.</subfield>
  </datafield>
  <datafield tag="245" ind1="1" ind2="0">
    <subfield code="a">Interpersonal skills in organizations /</subfield>
    <subfield code="c">Suzanne C. De Janasz, Karen O. Dowd, Beth Z. Schneider.</subfield>
  </datafield>
  <datafield tag="250" ind1=" " ind2=" ">
    <subfield code="a">3rd ed.</subfield>
  </datafield>
  <datafield tag="260" ind1=" " ind2=" ">
    <subfield code="a">Boston :</subfield>
    <subfield code="b">McGraw-Hill Irwin,</subfield>
    <subfield code="c">c2009.</subfield>
  </datafield>
  <datafield tag="300" ind1=" " ind2=" ">
    <subfield code="a">xxii, 441 p.  :</subfield>
    <subfield code="b">ill. ;</subfield>
    <subfield code="c">28 cm.</subfield>
  </datafield>
  <datafield tag="650" ind1=" " ind2="0">
    <subfield code="a">Organizational behavior.</subfield>
  </datafield>
  <datafield tag="650" ind1=" " ind2="0">
    <subfield code="a">Psychology, Industrial.</subfield>
  </datafield>
  <datafield tag="650" ind1=" " ind2="0">
    <subfield code="a">Interpersonal relations.</subfield>
  </datafield>
  <datafield tag="700" ind1="1" ind2=" ">
    <subfield code="a">Dowd, Karen O.</subfield>
  </datafield>
  <datafield tag="700" ind1="1" ind2=" ">
    <subfield code="a">Schneider, Beth Z.</subfield>
  </datafield>
  <datafield tag="856" ind1="4" ind2="2">
    <subfield code="3">Publisher description</subfield>
    <subfield code="u">http://www.loc.gov/catdir/enhancements/fy0808/2007051631-d.html</subfield>
  </datafield>
  <datafield tag="856" ind1="4" ind2="1">
    <subfield code="3">Table of contents only</subfield>
    <subfield code="u">http://www.loc.gov/catdir/enhancements/fy0808/2007051631-t.html</subfield>
  </datafield>
  <datafield tag="942" ind1=" " ind2=" ">
    <subfield code="2">lcc</subfield>
    <subfield code="c">BK</subfield>
    <subfield code="e">3rd Ed.</subfield>
    <subfield code="n">0</subfield>
  </datafield>
  <datafield tag="999" ind1=" " ind2=" ">
    <subfield code="c">1420</subfield>
    <subfield code="d">1420</subfield>
  </datafield>
  <datafield tag="952" ind1=" " ind2=" ">
    <subfield code="0">0</subfield>
    <subfield code="1">0</subfield>
    <subfield code="2">lcc</subfield>
    <subfield code="4">0</subfield>
    <subfield code="7">0</subfield>
    <subfield code="8">NFIC</subfield>
    <subfield code="a">MBL</subfield>
    <subfield code="b">MBL</subfield>
    <subfield code="c">GEN</subfield>
    <subfield code="d">2024-11-22</subfield>
    <subfield code="l">0</subfield>
    <subfield code="o">HD58.7 .D415 2009</subfield>
    <subfield code="p">BSSM00000275</subfield>
    <subfield code="r">2024-11-22 11:12:34</subfield>
    <subfield code="t">1</subfield>
    <subfield code="w">2024-11-22</subfield>
    <subfield code="y">BK</subfield>
  </datafield>
  <datafield tag="952" ind1=" " ind2=" ">
    <subfield code="0">0</subfield>
    <subfield code="1">0</subfield>
    <subfield code="2">lcc</subfield>
    <subfield code="4">0</subfield>
    <subfield code="7">0</subfield>
    <subfield code="8">NFIC</subfield>
    <subfield code="a">MBL</subfield>
    <subfield code="b">MBL</subfield>
    <subfield code="c">GEN</subfield>
    <subfield code="d">2025-02-21</subfield>
    <subfield code="l">0</subfield>
    <subfield code="o">HD58.7 .D415 2009</subfield>
    <subfield code="p">BSSM00000909</subfield>
    <subfield code="r">2025-02-21 19:34:04</subfield>
    <subfield code="t">2</subfield>
    <subfield code="w">2025-02-21</subfield>
    <subfield code="y">BK</subfield>
  </datafield>
  <datafield tag="952" ind1=" " ind2=" ">
    <subfield code="0">0</subfield>
    <subfield code="1">0</subfield>
    <subfield code="2">lcc</subfield>
    <subfield code="4">0</subfield>
    <subfield code="7">0</subfield>
    <subfield code="8">NFIC</subfield>
    <subfield code="a">MBL</subfield>
    <subfield code="b">MBL</subfield>
    <subfield code="c">GEN</subfield>
    <subfield code="d">2025-02-21</subfield>
    <subfield code="l">0</subfield>
    <subfield code="o">HD58.7 .D415 2009</subfield>
    <subfield code="p">BSSM00000910</subfield>
    <subfield code="r">2025-02-21 19:34:04</subfield>
    <subfield code="t">3</subfield>
    <subfield code="w">2025-02-21</subfield>
    <subfield code="y">BK</subfield>
  </datafield>
  <datafield tag="952" ind1=" " ind2=" ">
    <subfield code="0">0</subfield>
    <subfield code="1">0</subfield>
    <subfield code="2">lcc</subfield>
    <subfield code="4">0</subfield>
    <subfield code="7">0</subfield>
    <subfield code="8">NFIC</subfield>
    <subfield code="a">MBL</subfield>
    <subfield code="b">MBL</subfield>
    <subfield code="c">GEN</subfield>
    <subfield code="d">2025-02-21</subfield>
    <subfield code="l">0</subfield>
    <subfield code="o">HD58.7 .D415 2009</subfield>
    <subfield code="p">BSSM00000911</subfield>
    <subfield code="r">2025-02-21 19:34:04</subfield>
    <subfield code="t">4</subfield>
    <subfield code="w">2025-02-21</subfield>
    <subfield code="y">BK</subfield>
  </datafield>
  <datafield tag="952" ind1=" " ind2=" ">
    <subfield code="0">0</subfield>
    <subfield code="1">0</subfield>
    <subfield code="2">lcc</subfield>
    <subfield code="4">0</subfield>
    <subfield code="7">0</subfield>
    <subfield code="8">NFIC</subfield>
    <subfield code="a">MBL</subfield>
    <subfield code="b">MBL</subfield>
    <subfield code="c">GEN</subfield>
    <subfield code="d">2025-02-21</subfield>
    <subfield code="l">0</subfield>
    <subfield code="o">HD58.7 .D415 2009</subfield>
    <subfield code="p">BSSM00000912</subfield>
    <subfield code="r">2025-02-21 19:34:04</subfield>
    <subfield code="t">5</subfield>
    <subfield code="w">2025-02-21</subfield>
    <subfield code="y">BK</subfield>
  </datafield>
  <datafield tag="952" ind1=" " ind2=" ">
    <subfield code="0">0</subfield>
    <subfield code="1">0</subfield>
    <subfield code="2">lcc</subfield>
    <subfield code="4">0</subfield>
    <subfield code="7">0</subfield>
    <subfield code="8">NFIC</subfield>
    <subfield code="a">MBL</subfield>
    <subfield code="b">MBL</subfield>
    <subfield code="c">GEN</subfield>
    <subfield code="d">2025-02-21</subfield>
    <subfield code="l">0</subfield>
    <subfield code="o">HD58.7 .D415 2009</subfield>
    <subfield code="p">BSSM00000913</subfield>
    <subfield code="r">2025-02-21 19:34:04</subfield>
    <subfield code="t">6</subfield>
    <subfield code="w">2025-02-21</subfield>
    <subfield code="y">BK</subfield>
  </datafield>
  <datafield tag="952" ind1=" " ind2=" ">
    <subfield code="0">0</subfield>
    <subfield code="1">0</subfield>
    <subfield code="2">lcc</subfield>
    <subfield code="4">0</subfield>
    <subfield code="7">0</subfield>
    <subfield code="8">NFIC</subfield>
    <subfield code="a">MBL</subfield>
    <subfield code="b">MBL</subfield>
    <subfield code="c">GEN</subfield>
    <subfield code="d">2025-02-21</subfield>
    <subfield code="l">0</subfield>
    <subfield code="o">HD58.7 .D415 2009</subfield>
    <subfield code="p">BSSM00000914</subfield>
    <subfield code="r">2025-02-21 19:34:04</subfield>
    <subfield code="t">7</subfield>
    <subfield code="w">2025-02-21</subfield>
    <subfield code="y">BK</subfield>
  </datafield>
  <datafield tag="952" ind1=" " ind2=" ">
    <subfield code="0">0</subfield>
    <subfield code="1">0</subfield>
    <subfield code="2">lcc</subfield>
    <subfield code="4">0</subfield>
    <subfield code="7">0</subfield>
    <subfield code="8">NFIC</subfield>
    <subfield code="a">CUL1</subfield>
    <subfield code="b">CUL1</subfield>
    <subfield code="c">GEN</subfield>
    <subfield code="d">2025-03-10</subfield>
    <subfield code="l">0</subfield>
    <subfield code="o">HD58.7.D415 DEJ</subfield>
    <subfield code="p">ulct00001605</subfield>
    <subfield code="r">2025-03-10 11:18:13</subfield>
    <subfield code="t">1</subfield>
    <subfield code="w">2025-03-10</subfield>
    <subfield code="y">BK</subfield>
  </datafield>
</record>
